Т. 60, № 2; Теоретическая и математическая физика

Detalhes bibliográficos
Parent link:Теоретическая и математическая физика: научный журнал/ Академия наук СССР (АН СССР). Т. 60, № 2.— , 1969-.— 0564-6162
Idioma:russo
Publicado em: 1984
Formato: MixedMaterials Livro
KOHA link:https://koha.lib.tpu.ru/cgi-bin/koha/opac-detail.pl?biblionumber=525889

MARC

LEADER 00000nam2a2200000 4500
001 525889
005 20231101111532.0
035 |a (RuTPU)RU\TPU\prd\208776 
035 |a RU\TPU\prd\208775 
090 |a 525889 
100 |a 20131223a19849999k y0rusy50 ca 
101 0 |a rus 
102 |a RU 
200 0 |a Т. 60, № 2 
210 |d 1984 
461 1 |0 (RuTPU)RU\TPU\prd\1730  |x 0564-6162  |t Теоретическая и математическая физика  |o научный журнал  |f Академия наук СССР (АН СССР)  |v Т. 60, № 2  |d 1969- 
801 0 |a RU  |b 63413507  |c 20010227  |g PSBO 
801 1 |a RU  |b 63413507  |c 20040920  |g PSBO 
801 2 |a RU  |b 63413507  |c 20131223  |g PSBO 
942 |c BK 
999 |a НТБ_ТПУ  |b НФ  |e -4/20130109  |p П-7280  |u 0,00  |v 1